| 000 | 00479nam a22001697a 4500 | ||
|---|---|---|---|
| 003 | NUST | ||
| 005 | 20260512160934.0 | ||
| 008 | 260512b ||||| |||| 00| 0 eng d | ||
| 020 | _a978-969 -9532-04-7 | ||
| 082 |
_a294.3 _bSAF |
||
| 100 |
_aSafdar Ali Shah, Syed Javad A. Kazi. _9134425 |
||
| 245 |
_aThe Buddhist Heritage of Pakistan / _cSafdar Ali Shah, Syed Javad A. Kazi. |
||
| 260 | _aPakistan: | ||
| 300 |
_a130 p ; _c31.00 cm |
||
| 563 | _aHardcover | ||
| 942 |
_2ddc _cBK |
||
| 999 |
_c617421 _d617421 |
||